Moving beyond academic discourse: composition studies and the public sphere

Αποθηκεύτηκε σε:
Λεπτομέρειες βιβλιογραφικής εγγραφής
Κύριος συγγραφέας: Weisser, Christian R (Συγγραφέας)
Μορφή: Βιβλίο
Γλώσσα:Αγγλικά
Έκδοση: Carbondale Southern Illinois University 2002
Σειρά:Rhetoric and Composition
Θέματα:
Ετικέτες: Προσθήκη ετικέτας
Δεν υπάρχουν, Καταχωρήστε ετικέτα πρώτοι!

MARC

LEADER 00000nam a2200000 a 4500
001 UCK5174
003 CL-VaPUC
008 050715e20020000US |||||||||||||||||eng|d
020 |a 0809324164 
082 0 4 |a 808.0427  |b WEI  |2 21 
100 0 |a Weisser, Christian R  |e author  |9 493853 
245 1 0 |a Moving beyond academic discourse: composition studies and the public sphere 
300 |a 145 p 
942 |c BK 
945 |d 20050715 00:00:00  |a cmena 
260 |a Carbondale  |b Southern Illinois University  |c 2002 
650 7 |a RETORICA DEL INGLES  |2 CL-VaPUC  |9 485974 
650 0 |a Lengua inglesa  |9 318842 
650 0 |a Educación lingüística  |9 306506 
651 0 |a Estados Unidos  |9 255178 
583 |a last modification  |c 20050715 00:00:00  |k Rodrigo Vera 
490 0 |a Rhetoric and Composition 
999 |c 313808  |d 313806 
952 |0 0  |1 0  |4 0  |6 808_042700000000000_WEI_2002  |7 0  |8 A  |9 385414  |a FDOPOS  |b FDOPOS  |d 2019-11-22  |i 4146581  |o 808.0427 WEI 2002  |p 4146581  |r 2025-01-22  |w 2019-11-22  |y BK  |k MLA